| 000 | 00433nam a2200169 a 4500 | ||
|---|---|---|---|
| 001 | 0000-9219 | ||
| 003 | ELIB.Books | ||
| 008 | 110520 2005 | ||
| 035 | _a(ELIB.Books)0000-9371 | ||
| 082 |
_aB.Th _bSil |
||
| 100 | _aSilver Moo, Naw | ||
| 245 | _aWays of Christian Living | ||
| 260 |
_bInsein: Karen Baptist Theolgical Seminary _c2005 |
||
| 650 | _aThesis | ||
| 942 |
_2ddc _cBK |
||
| 998 |
_cbat _e2011-05-20 |
||
| 999 |
_c9219 _d9219 |
||